| Поле | Инд. | ПП | Название | Значение |
|---|---|---|---|---|
| Тип записи | a | |||
| Библиографический уровень | m | |||
| 001 | Контрольный номер | RU/IS/BASE/389458744 | ||
| 005 | Дата корректировки | 20220210102552.5 | ||
| 040 | b | Код языка каталог. | rus | |
| 041 | 0_ | a | Код языка текста | rus |
| 080 | a | Индекс УДК | 004.42 | |
| 084 | a | Индекс другой классификации/Индекс ББК | 32.973 | |
| 090 | a | Полочн. индекс | 681.3 | |
| x | Авторский знак | С76 | ||
| 097 | b | Оператор | 11 | |
| 245 | 10 | a | Заглавие | Стандартные подпрограммы универсальной системы автоматизации программирования |
| b | Продолж. заглавия | руководство по использованию в программах на языках КОМПЛЕКС АЛГОЛ и АЛМО | ||
| 260 | a | Место издания | Л. | |
| b | Издательство | ЛВИКА им. А. Ф. Можайского | ||
| c | Дата издания | 1975 | ||
| 300 | a | Объем | 167 с. | |
| 510 | 0_ | a | Примечание о ссылках | Книги и методические пособия |
| 650 | 04 | a | Основная рубрика | 50.05 Теоретические основы программирования |
| x | Основная подрубрика | 50.05.13 Технология программирования. Автоматизация программирования | ||
| 653 | 0_ | a | Ключевые слова | автоматизация процессов; программирование; вычислительные машины; языки программирования |
| 901 | t | Тип документа | m |